000 00913cam a22002413a 4500
001 6449
003 PGUSA
005 20140828083133.0
008 040901s2004||||xxu|||||s|||||000 | eng d
040 _aPGUSA
_beng
042 _adc
050 4 _aCT
100 1 _aHubbard, Elbert,
_d1856-1915
245 1 0 _aLittle Journeys to the Homes of the Great - Volume 09 :
_bLittle Journeys to the Homes of Great Reformers
_h[electronic resource] /
_cElbert Hubbard
260 _bProject Gutenberg,
_c2004
505 0 _aJohn Wesley -- Henry George -- Garibaldi -- Richard Cobden -- Thomas Paine -- John Knox -- John Bright -- Bradlaugh -- Theodore Parker -- Oliver Cromwell -- Anne Hutchinson -- Jean Jacques Rousseau.
506 _aPublic domain in the USA.
516 _aElectronic text
653 _aReformers
830 0 _aProject Gutenberg
_v6449
856 4 0 _uhttp://www.gutenberg.org/ebooks/6449
942 _cEB
999 _c235772
_d235772